Представление документа в формате RUSMARC

ПолеНазваниеЗначение
  Тип записи a
  Библиографический уровень m
001 Контрольный номер UONB/MAIN/15cb074f700e475a9691355d19114632
005 Дата корректировки 20260429180920.7
010 Индекс ISBN __
b Уточнения в пер.
d Цена 1 р. 60 к.
9 Тираж 7000 экз.
100 Данные общей обработки __
a Данные общей обработки 20260429d1984 u y0rusy0189 ca
101 Язык документа 0_
a Язык текста rus
102 Страна публикации __
a Страна публикации RU
105 Кодированные данные (монография) __
a Кодированные данные (монография) a j 001yy
200 Заглавие и сведения об ответственности 1_
a Заглавие Технологическое оборудование предприятий по хранению и переработке зерна
e Сведения, относящиеся к заглавию по специальностям "Машины и аппараты пищевых производств", "Хранение и технология переработки зерна"
f Первые сведения об ответственности А. Я. Соколов, В. Ф. Журавлев, В. Н. Душин и другие
g Последующие сведения об ответственности под редакцией А. Я. Соколова
203 Вид содержания и тип средства __
a Вид содержания Текст
b Характеристика содержания визуальный
c Тип средства непосредственный
205 Сведения об издании __
a Основные сведения об издании 5-е изд., перераб. и доп.
210 Выходные данные 1_
a Место издания Москва
c Издательство Колос
d Дата издания 1984
215 Физическое описание __
a Объем 445 с.
c Иллюстрации/тип воспроизводства ил.
d Формат 27 см
225 Серия 1_
a Серия Учебники и учебные пособия для вузов
320 Библиография __
a Библиография Библиогр.: с. 439
320 Библиография __
a Библиография Предм. указ.: с. 440-441
606 Тематические рубрики 0_
a Основная рубрика Хлебопродуктов предприятия
x Основная подрубрика Оборудование
j Формальный подзаголовок Учебники и пособия
610 Ключевые слова 0_
a Ключевые слова переработка зерна; хранение зерна; хлебопродуктов предприятия
675 Индекс УДК __
a Индекс УДК 6П8.11-08
686 Индексы других классификаций __
2 Код системы rubbk
701 Альтернативная интеллектуальная ответственность _1
a Фамилия Соколов
b Имя (инициалы) А. Я.
g Полное личное имя Александр Яковлевич
701 Альтернативная интеллектуальная ответственность _1
a Фамилия Журавлев
b Имя (инициалы) В. Ф.
701 Альтернативная интеллектуальная ответственность _1
a Фамилия Душин
b Имя (инициалы) В. Н.
701 Альтернативная интеллектуальная ответственность _1
a Фамилия Душин
b Имя (инициалы) В. Н.
702 Вторичная интеллектуальная ответственность _1
a Фамилия Соколов
b Имя (инициалы) А. Я.
g Полное личное имя Александр Яковлевич
4 Код отношения 340
801 Источник записи _0
a Страна RU
b Организация Ульяновская ОНБ
c Дата составления 20260429
g Правила каталогизации RCR
801 Источник записи _1
a Страна RU
b Организация Ульяновская ОНБ
c Дата составления 20260429
g Правила каталогизации RCR
901 Тип документа __
t Тип документа m
909 Создатель записи __
a Создатель записи Агапова
b Дата создания записи 20260429